000 00543nmm a2200193Ia 4500
008 251105s9999||||xx |||||||||||||||||und||
020 _a9788433963567
041 _aspa
100 _aMoya Valle, Antonio-Prometeo
245 0 _aDiez mil millones
264 _a[Madrid, España] :
_bEditorial Anagrama,
_c2013
300 _a208 páginas
490 _aArgumentos
650 _aSociology
700 _aMoya Valle, Antonio-Prometeo
700 1 _a Emmott, Stephen
856 _uhttps://public.digitaliapublishing.com/a/32483
942 _cCF
999 _c69135
_d69135